| Tag |
First Indicator |
Second Indicator |
Subfields |
| LEADER |
00000cam a2200000 4500 |
| 001 |
in00000055617 |
| 005 |
20151008052253.0 |
| 008 |
750718s1956 nyu b 00000 eng u |
| 010 |
|
|
|a 57003107
|
| 035 |
|
|
|a (OCoLC)01458983
|
| 035 |
|
|
|9 AAH2556AM
|
| 040 |
|
|
|c YRM
|d TXA
|d UtOrBLW
|
| 049 |
|
|
|a TXAM
|c [333339]
|
| 050 |
0 |
0 |
|a HC107.N7
|b G7
|
| 082 |
0 |
|
|a 338
|
| 092 |
|
|
|a 338
|b G851i
|
| 100 |
1 |
|
|a Griffin, John Ignatius,
|d 1916-
|
| 245 |
1 |
0 |
|a Industrial location in the New York area.
|
| 264 |
|
1 |
|a New York :
|b City College Press,
|c [1956]
|
| 264 |
|
4 |
|c [©1956]
|
| 300 |
|
|
|a xiii, 212 pages :
|b illustrations, map (on lining papers) diagrams, tables. ;
|c 23 cm.
|
| 336 |
|
|
|a text
|b txt
|2 rdacontent
|
| 337 |
|
|
|a unmediated
|b n
|2 rdamedia
|
| 338 |
|
|
|a volume
|b nc
|2 rdacarrier
|
| 490 |
0 |
|
|a The City College. New York Area Research Council. Studies in the New York area, no. 1
|
| 504 |
|
|
|a "Bibliographical essay and selected bibliography": pages 191-207.
|
| 651 |
|
0 |
|a New York (State)
|x Industries
|x Location.
|
| 651 |
|
0 |
|a New Jersey
|x Industries
|x Location.
|
| 999 |
|
|
|a MARS
|
| 999 |
f |
f |
|s e835106f-b577-3c81-8dce-d274772e79ce
|i 08a4a238-ee93-3fa3-b121-4e11231d6da1
|t 0
|
| 952 |
f |
f |
|p ric
|a Texas A&M University
|b Rellis Campus
|c Joint Library Facility
|d Remote Storage
|t 0
|e HC107.N7 G7
|h Library of Congress classification
|i unmediated -- volume
|m A14800754452
|
| 998 |
f |
f |
|a HC107.N7 G7
|t 0
|l Remote Storage
|